TV Show Opening Credits: '80s Edition Quiz Stats

Quiz Updated Mar 28, 2016

Challenge
Share
Tweet
Score 0/25 Timer 05:00
0 Plays Today
Scene TV Show % Correct
13Murder, She Wrote
93.7%
15Roseanne
90.4%
8Family Ties
80.3%
22Doogie Howser, M.D.
79.4%
24The Wonder Years
77.9%
25Mork & Mindy
73.2%
10Moonlighting
66.2%
23Cagney And Lacey
64%
5MacGyver
58.7%
20Hill Street Blues
56.5%
1221 Jump Street
55%
6Alf
53.2%
17Perfect Strangers
52.8%
Scene TV Show % Correct
3The Greatest American Hero
50.8%
2The A-Team
50.6%
9Max Headroom
49.9%
18Soap
49.3%
14T.J. Hooker
47.3%
1Beauty And The Beast
47.3%
16Magnum, P.I.
46.9%
4Growing Pains
45.3%
7Jake And The Fatman
40.6%
11The Fall Guy
34.7%
21China Beach
33.5%
19V
11.6%

You're not logged in!

Compare scores with friends on all Sporcle quizzes.
Sign Up with Email
OR
Log In

You Might Also Like...

Show Comments

Extras

Top Quizzes Today


Score Distribution

Your Account Isn't Verified!

In order to create a playlist on Sporcle, you need to verify the email address you used during registration. Go to your Sporcle Settings to finish the process.